000 00998cad a22002295a 4500
001 L156783
008 120716s20120716 d f s 000 0 eng u
035 _a(Sirsi) u156783
041 0 _aeng
050 _a333.33 $2 18
110 2 _aRightmove
245 0 0 _aSummer selling challenge
_bless than 3 seconds to make an impression
_h[electronic resource]
260 _aLondon
_bRightmove
_c2012
490 0 0 _aRightmove House Price Index
_vJuly2012
520 _aNew sellers average asking prices decreased by 1.7%. Prices also fell in London and South East. New sellers outnumber successful buyers by nearly 2:1 with miserable viewing conditions due to the unseasonable weather and distractions from the Olympic Games.
590 _aKA
650 2 4 _aRIGHTMOVE HOUSE PRICE INDEX
651 4 _aUnited Kingdom
_y
690 _aResidential property
_96266
856 4 0 _uhttps://www.rightmove.co.uk/news/files/2012/07/july-2012.pdf
_zView the item free of charge at www.rightmove.co.uk
942 _n0
999 _c114411
_d114411